| 000 | 00642nam a2200229Ia 4500 | ||
|---|---|---|---|
| 005 | 20231206112954.0 | ||
| 008 | 140110s9999 xx 000 0 und d | ||
| 020 |
_a978074862541 _cRs.1210.00 |
||
| 040 | _aLoreto College | ||
| 041 | _aEnglish | ||
| 082 |
_a421.5 _bOGD |
||
| 100 | _aOgden,Richard | ||
| 245 | 3 |
_aAn Introduction to English Phonetics, _cRichard Ogden |
|
| 260 |
_aEdinburgh _bEdinburgh University Press _c2 |
||
| 300 | _a194p. | ||
| 504 | _aIncludes bibliographical references and index | ||
| 630 | _aPhonetics-english | ||
| 650 | _aSpeech-english | ||
| 651 | _aEnglish language | ||
| 850 | _aLCLIB | ||
| 942 | _cBK | ||
| 999 |
_c36992 _d87471 |
||